Central Library OPAC University of Rajshahi

The Pathans : (Record no. 28105)

MARC details
000 -LEADER
fixed length control field 00628cam a22002411 4500
001 - CONTROL NUMBER
control field 28105
003 - CONTROL NUMBER IDENTIFIER
rucl marc code BD-RjUL
005 - DATE AND TIME OF LATEST TRANSACTION
control field 20211209051235.0
008 - FIXED-LENGTH DATA ELEMENTS--GENERAL INFORMATION
fixed length control field 140329s1958 PK 000 0 eng
035 ## - SYSTEM CONTROL NUMBER
System control number (BD-RjUL)28186
System control number (OCoLC)245984
040 ## - CATALOGING SOURCE
Original cataloging agency DLC
Transcribing agency OAU
Modifying agency DLC
Language of cataloging eng
041 ## - LANGUAGE CODE
Language code of text/sound track or separate title eng
082 ## - DEWEY DECIMAL CLASSIFICATION NUMBER
Classification number 572.954
Author mark and year KHP 1958
100 1# - MAIN ENTRY--PERSONAL NAME
Personal name Khan, Ghani.
9 (RLIN) 86160
245 14 - TITLE STATEMENT
Title The Pathans :
Remainder of title a sketch /
Statement of responsibility, etc. Ghani Khan.
260 ## - PUBLICATION, DISTRIBUTION, ETC. (IMPRINT)
Place of publication, distribution, etc. Peshawar
Name of publisher, distributor, etc. university book agency,
Date of publication, distribution, etc. 1958.
300 ## - PHYSICAL DESCRIPTION
Pagination 58 p. :
Illustrations illus. ;
Size 24 cm.
650 #0 - SUBJECT ADDED ENTRY--TOPICAL TERM
Topical term or geographic name as entry element Pushtuns.
9 (RLIN) 71305
942 ## - ADDED ENTRY ELEMENTS (KOHA)
Source of classification or shelving scheme Dewey Decimal Classification
Koha item type Books
Holdings
Lost status Source of classification or shelving scheme Damaged status Not for loan Collection code Permanent Location Current Location Shelving location Date acquired Source of acquisition Cost, normal purchase price Total Checkouts Full call number Date last seen Copy number Koha item type
  Dewey Decimal Classification   Added to bundle Non-fiction Central Library, University of Rajshahi Central Library, University of Rajshahi Reading Room 29/10/1990 Shawkat Osman 0.00   572.954 KHP 1958 29/03/2014 C-1 Books